Statistics for ♫ Your Song Lyrics - Elton John ♫

Click here to take the quiz!

General Stats

  • This quiz has been taken 189 times
  • The average score is 210 of 270

Answer Stats

Lyric % Correct
I
100%
a
99%
this
97%
in
97%
It
95%
who
95%
it
95%
You
94%
you
94%
the
94%
no
94%
on
93%
it's
93%
It's
93%
can
92%
your
92%
don't
92%
is
92%
do
92%
but
91%
But
91%
So
91%
song
90%
funny
90%
if
89%
bit
89%
little
89%
If
89%
we
88%
feeling
88%
one
88%
inside
87%
that
87%
That
87%
where
85%
much
85%
then
84%
not
84%
How
84%
have
84%
be
84%
hope
82%
words
82%
of
82%
could
82%
down
82%
world
82%
mind
81%
for
81%
wonderful
81%
life
81%
I'm
81%
those
80%
money
80%
house
80%
ever
80%
hide
80%
did
80%
I'd
80%
buy
80%
live
79%
easily
79%
big
79%
put
79%
tell
79%
And
79%
and
79%
again
78%
both
78%
now
77%
know
77%
you're
76%
quite
76%
was
76%
everybody
76%
Or
75%
or
75%
my
73%
My
73%
done
72%
simple
72%
best
72%
boy
72%
one's
71%
man
71%
show
71%
gift
70%
may
69%
sculptor
64%
potions
61%
makes
60%
while
59%
traveling
55%
me
55%
roof
50%
sat
49%
wrote
48%
thing
45%
kicked
43%
see
43%
off
42%
got
42%
I've
39%
excuse
39%
like
39%
moss
39%
these
38%
blue
38%
green
37%
what
37%
Well
37%
well
37%
are
35%
people
35%
they're
34%
keep
34%
turned
34%
cross
34%
things
33%
few
33%
been
32%
seen
30%
forgotten
30%
verses
30%
forgetting
30%
sun's
30%
sweetest
29%
eyes
28%
really
27%
Yours
25%
kind
25%
mean
24%
Anyway
23%
they've
21%
heh
6%

Score Distribution

Percentile by Number Answered

Percent of People with Each Score

Your Score History

You have not taken this quiz